000
00162nam a22000857a 4500
082
_a
823
100
_a
C K SAMPAT
245
_a
VIKAS STORIES FOR CHILDREN
942
_c
BK
999
_c
8350
_d
8350